000 01110nam2a22002411 4500
001 rc\118596
005 20250620201254.0
010 _a5-87394-022-3
_9250000
035 _a(NLR Aleph) 005403342
090 _a7297068
_c7297068
100 _a20021216d1991 |||y0rusy50 ca
101 0 _arus
102 _aRU
105 _aa |||||||||
200 1 _aПлемянник чародея
_aЛев, Колдунья и платяной шкаф
210 _dБ. г. (1991)
_aБ. м.
215 _a286, [1] с.
_cил.
461 0 _1001rc\118595
_12001#$aНарния$e[Сказки$eДля детей$eПер. с англ.]$fКлайв Стейплз Льюис$g[Худож. Е.И. Самохвалова]$v[1]
_1700#1$aЛьюис$bК.С.$gКлайв Стейплз$f1898-1963
_97297059
_aЛьюис, К.С. (1898-1963)
_cИжевск
_dБ. г.
_fКлайв Стейплз Льюис
_nРед.-изд. об-ние "Квест"
_o[Сказки : Для детей : Пер. с англ.]
_tНарния
_v[1]
801 0 _aRU
_bNLR
_gpsbo
801 1 _aRU
_bELAR
_2rusmarc
852 _aNLR
_j91-3/13286
942 _cBOOK
980 _aNB